| 000 | 00471nam a2200157Ia 4500 | ||
|---|---|---|---|
| 008 | 151213s9999 xx 000 0 und d | ||
| 100 | _aB. I For Evans, Marjorie R. Evans | ||
| 245 |
_aSelections From Coleridge _cB. I For Evans, Marjorie R. Evans |
||
| 250 | _a6th | ||
| 260 |
_aLondon _bMethuer and Co. Ltd. _c1935 |
||
| 300 | _a6545 p. | ||
| 650 | _aEnglish Literature | ||
| 650 | _aEnglish Literature | ||
| 700 | _aB. I For Evans, Marjorie R. Evans | ||
| 999 |
_c3627 _d3627 |
||